01236nam a2200253Ia 4500001000600000003000900006008004100015040001300056040001300069041001300082100001900095100002900114240004100143240003500184245004300219245004300262260001100305260001600316260004900332300005700381500048400438650002900922650003100951H9336IT-RoPAU130308s9999 xx 000 0 und d aIT-RoPAU cIT-RoPAU aITALIANO aPanofsky Erwin gCodice Aut. SPICS: 2909 aLIFE AND ART OF ALBRECHT DURER (THE) gCodice Tit. Orig. Spics: T3811 aVita e le opere di Albrecht Durer (La) bVita e le Opere di Albrecht Durer (La) aMILANO bFeltrinelli c1967 [1° Ed.:1967 - Ed.Ling.Originale:1943] a"566 p. (prefazione: no ; testo: 566 [pagine: 0-0])" aApprendistato e Anni giovanili di Viaggio 1481 1495. cinque Anni di Intensa Produttività 1495 1500. cinque Anni di sintesi Razionale 1500 1505. Secondo Viaggio in Italia e Apice della Pittura 1505 1510/11. Riorientamento nelle Arti grafiche culmine dell'incisione 1507/11 1514. Attività di Durer per Massimiliano I Stile Decoratovo 1512/13 1518/19. Crisi del 1519 Viaggio Nei paesi bassi 1520 1521 ultime Opere 1521 1528. Durer Teorico dell'arte . Bibliografia. tavole (326). aSTORIA DELLE ARTI VISIVE eCodice materia Spics: 5008